000 00582nam a2200205 i 4500
001 36764
003 ES-MaACL
005 20231215062946.0
007 t|
008 030219s1980 sp ||||1| spa d
020 _a84-7393-106-8
100 1 _aBravo-Villasante, Carmen,
_d1918-1994
_931507
245 1 3 _aEl doncel /
_cCarmen Bravo-Villasante.
260 _aMadrid :
_bEmiliano Escolar,
_c[1980]
300 _a103 p. :
_bil. ;
_c17 cm.
490 1 _aChicolibro ;
_v4
830 0 _aChicolibro ;
_v4
_9229603
852 _aES-MaACL
_jC-19352
_bR.112099
999 _c36764
_d36764